Datum a čas kvízu
12.5
Celkem bodů
Celkový počet nahraných bodů na tomto kvízu bez doplňovacích otázek.
6.
Pořadí na kvízu
Konečné umístění týmu na tomto kvízu.
Zaznamenané odpovědi
| # | Otázka | Odpověď | Body | Výsledky |
|---|---|---|---|---|
| 1. | Nezvyklou předehru měl odlet č... | drogy | 0 | |
| 2. | Tisíce lidí se v neděli v podv... | V Polsku. | 0 | |
| 3. | Na výstavě EXPO v Dubaji byla... | David, Michelangelo (Buonarotti) | 0.5 | |
| 4. | Společnost Blue Origin Jeffa B... | James T. Kirk | 0 | |
| 5. | Jak se jmenuje tenistka, která... | Karolína Plíšková | 0 | |
| -14. | Po Středočeském kraji nás v da... | Španělský sál | 0 | |
| -13. | Nejnavštěvovanější událostí v... | Signal Festival | 0 | |
| -12. | Místem, které rozhodně stojí z... | Moja | 0 | |
| -11. | Kterou z následujících soch ne... | D | 0 | |
| -10. | Seřaďte následující zahraniční... | 1D 2B 3A 4C | 0 |